5HLuxD.jpg

KING HENRY VIII SENIOR AND PRIMARY SCHOOL LIBRARY OPAC

The strain / (Record no. 29)

000 -LEADER
fixed length control field 00906pam a2200313 a 4500
001 - CONTROL NUMBER
control field 017199937
003 - CONTROL NUMBER IDENTIFIER
control field UkOxU
005 - DATE AND TIME OF LATEST TRANSACTION
control field 20190724092051.0
008 - FIXED-LENGTH DATA ELEMENTS--GENERAL INFORMATION
fixed length control field 091209r20102009enk 000 1 eng|d
015 ## - NATIONAL BIBLIOGRAPHY NUMBER
National bibliography number GBA9C4720
Source bnb
020 ## - INTERNATIONAL STANDARD BOOK NUMBER
International Standard Book Number 9780007311293 (pbk.) :
020 ## - INTERNATIONAL STANDARD BOOK NUMBER
International Standard Book Number 000731129X (pbk.) :
035 ## - SYSTEM CONTROL NUMBER
System control number (Uk)015447739
040 ## - CATALOGING SOURCE
Original cataloging agency StDuBDS
Language of cataloging eng
Transcribing agency StDuBDS
Modifying agency Uk
042 ## - AUTHENTICATION CODE
Authentication code ukblcatcopy
082 04 - DEWEY DECIMAL CLASSIFICATION NUMBER
Classification number FIC TOR
Edition number 22
100 1# - MAIN ENTRY--PERSONAL NAME
Personal name Toro, Guillermo del,
Dates associated with a name 1964-
Relator term author
245 14 - TITLE STATEMENT
Title The strain /
Statement of responsibility, etc. Guillermo del Toro and Chuck Hogan.
260 ## - PUBLICATION, DISTRIBUTION, ETC.
Place of publication, distribution, etc. London :
Name of publisher, distributor, etc. Harper,
Date of publication, distribution, etc. 2010.
300 ## - PHYSICAL DESCRIPTION
Extent 495 p. ;
Dimensions 20 cm.
490 0# - SERIES STATEMENT
Series statement The strain trilogy ;
Volume/sequential designation bk. 1
500 ## - GENERAL NOTE
General note Formerly CIP.
Institution to which field applies Uk
500 ## - GENERAL NOTE
General note Originally published: London: HarperCollins, 2009.
650 #0 - SUBJECT ADDED ENTRY--TOPICAL TERM
Topical term or geographic name entry element Vampires
Form subdivision Fiction.
655 #0 - INDEX TERM--GENRE/FORM
Genre/form data or focus term Horror tales.
700 1# - ADDED ENTRY--PERSONAL NAME
Personal name Hogan, Chuck.
942 ## - ADDED ENTRY ELEMENTS (KOHA)
Source of classification or shelving scheme
Koha item type Books - Fiction
Holdings
Withdrawn status Lost status Source of classification or shelving scheme Damaged status Not for loan Collection code Permanent Location Current Location Shelving location Date acquired Total Checkouts Total Renewals Full call number Barcode Date last seen Date last checked out Price effective from Koha item type
          Fiction KH8 Senior School Library KH8 Senior School Library Fiction 2019-07-24 1 1 FIC TOR 3KHSL000100299 2024-07-22 2020-03-17 2019-07-24 Books - Fiction

Powered By KH8 IT Dept